Empresas Offshore

Bibliographic Details
Main Author: Camargo Penteado, Claudio
Format: Book
Language:Portuguese
Published: Brasil Pillares 2007
Subjects:
Online Access:Acceso restringido

MARC

LEADER 00000nam a22000007a 4500
005 20160419101920.0
007 cr|||| ||u|
008 160419s2007 bl ||||| |||| 00||0 por d
020 |a 978-85-89919-45-6 
035 |a http://vlex.com/source/empresas-offshore-14086 
040 |a vLex  
090 |c 6004  |d 6004 
100 1 |a Camargo Penteado, Claudio 
245 1 0 |a Empresas Offshore  |h [Recurso electrn̤ico] /  |c Claudio Camargo Penteado  
256 |a Servicio en ln̕ea  
260 |a Brasil   |b Pillares  |c 2007 
300 |a 1 recurso electrn̤ico (3ð ediȯ̂ 232 pg̀s)  
506 1 |a Contenido solo disponible en los productos indicados  |d vLex Global  |d vLex Global (Academic Edition, excluding Law Schools)  |d vLex Global (U.S. Academic Edition, Law Schools)  |d vLex Global (U.S. Academic Edition, excluding Law Schools)  |d vLex Global (Academic Edition, Law Schools) 
650 0 4 |a Empresas  |z Brasil  
740 0 |a vLex libros (servicio en ln̕ea)  
856 4 0 |u http://vlex.com/source/empresas-offshore-14086  |z Acceso restringido  
942 |c BOOK 
999 0 |a Business enterprises  |b Brasil